Virus hepatitis and its control / (Record no. 188690)
[ view plain ]
| 000 -LEADER | |
|---|---|
| fixed length control field | 00907cam6a220026500 4500 |
| 001 - CONTROL NUMBER | |
| control field | qce00152196 |
| 005 - DATE AND TIME OF LATEST TRANSACTION | |
| control field | 20190830110910.0 |
| 008 - FIXED-LENGTH DATA ELEMENTS--GENERAL INFORMATION | |
| fixed length control field | 780601s1977 enka 001 0 eng d |
| 020 ## - INTERNATIONAL STANDARD BOOK NUMBER | |
| International Standard Book Number | 0702006513 |
| 035 ## - SYSTEM CONTROL NUMBER | |
| System control number | (Sirsi) r26858 |
| 035 ## - SYSTEM CONTROL NUMBER | |
| System control number | (QCAT)lss01981785 |
| 035 ## - SYSTEM CONTROL NUMBER | |
| System control number | (UPRA)qce00152196 |
| 040 ## - CATALOGING SOURCE | |
| Modifying agency | UPRA |
| 060 ## - NATIONAL LIBRARY OF MEDICINE CALL NUMBER | |
| Classification number | WC 536 C836v 1977 |
| 100 1# - MAIN ENTRY--PERSONAL NAME | |
| Personal name | Cossart, Yvonne E. |
| Linkage | A90697.1 |
| 245 10 - TITLE STATEMENT | |
| Title | Virus hepatitis and its control / |
| Statement of responsibility, etc. | Yvonne E. Cossart. |
| 260 ## - PUBLICATION, DISTRIBUTION, ETC. | |
| Place of publication, distribution, etc. | London : |
| Name of publisher, distributor, etc. | Bailliere Tindall, |
| Date of publication, distribution, etc. | c1977. |
| 504 ## - BIBLIOGRAPHY, ETC. NOTE | |
| Bibliography, etc. note | Includes bibliographical references. |
| 650 #0 - SUBJECT ADDED ENTRY--TOPICAL TERM | |
| Topical term or geographic name entry element | Hepatitis A. |
| Linkage | S36808.1 |
| 650 #2 - SUBJECT ADDED ENTRY--TOPICAL TERM | |
| Topical term or geographic name entry element | Hepatitis Viruses |
| Linkage | S64984.1 |
| 650 #2 - SUBJECT ADDED ENTRY--TOPICAL TERM | |
| Topical term or geographic name entry element | Hepatitis, Viral, Human -- prevention and control |
| General subdivision | Hepatitis, Viral, Human -- prevention and control |
| Linkage | S64985.1 |
| 949 ## - LOCAL PROCESSING INFORMATION (OCLC) | |
| a | RC848 |
| w | lcc |
| i | -27873 |
| m | MAIN |
| t | BOOK |
| l | ON-SHELF |
| 949 ## - LOCAL PROCESSING INFORMATION (OCLC) | |
| a | RC848 |
| w | lcc |
| i | -27874 |
| m | MAIN |
| t | BOOK |
| l | ON-SHELF |
No items available.